[Event "SLO-chT1 West"]
[Site "Slovenia"]
[Date "2016.12.10"]
[Round "8"]
[White "Skoberne, Renato"]
[Black "Kozamernik, Janez"]
[Result "1/2-1/2"]
[WhiteElo "2125"]
[BlackElo "2078"]
[PlyCount "85"]
[EventDate "2016.11.11"]
[EventType "team-tourn"]
[EventRounds "9"]
[EventCountry "SLO"]
[SourceTitle "EXT 2018"]
[Source "ChessBase"]
[SourceDate "2017.10.13"]
[SourceVersion "1"]
[SourceVersionDate "2017.10.13"]
[SourceQuality "1"]
[WhiteTeam "Posocje"]
[BlackTeam "Gorenjka Lesce"]
[WhiteTeamCountry "SLO"]
[BlackTeamCountry "SLO"]

1. d4 d5 2. Nf3 Nf6 3. Bf4 c6 4. e3 Bf5 5. Bd3 Bxd3 6. Qxd3 e6 7. 0-0 Nbd7 8. Nbd2 g6 9. c4 Bg7 10. Qa3 Bf8 11. Qb3 Qb6 12. c5 Qxb3 13. axb3 Nh5 14. Bc7 Be7 15. h3 0-0 16. b4 Rfe8 17. Nb3 Bd8 18. Bxd8 Rexd8 19. Na5 Rab8 20. b5 Rdc8 21. Rfc1 f6 22. Nb3 Ra8 23. bxc6 bxc6 24. Ra6 Nb8 25. Ra4 Ng7 26. Rb4 Rc7 27. g4 g5 28. Ra1 h6 29. Nfd2 Ne8 30. Nb1 Nd7 31. Nc3 Rb8 32. Raa4 Kf7 33. Na5 Ke7 34. Kf1 f5 35. Ke2 Nef6 36. Rxb8 Nxb8 37. f3 h5 38. gxf5 exf5 39. b4 a6 40. Ra1 Ke6 41. Na4 g4 42. hxg4 hxg4 43. Rh1 1/2-1/2

[Event "SLO-chT1 West"]
[Site "Ljubljana"]
[Date "2015.11.27"]
[Round "7"]
[White "Leonardi, Caterina"]
[Black "Kozamernik, Janez"]
[Result "1-0"]
[WhiteElo "2048"]
[BlackElo "2114"]
[PlyCount "49"]
[EventDate "2015.10.16"]
[EventType "team-tourn"]
[EventRounds "9"]
[EventCountry "SLO"]
[SourceTitle "EXT 2019"]
[Source "ChessBase"]
[SourceDate "2018.10.10"]
[SourceVersion "1"]
[SourceVersionDate "2018.10.10"]
[SourceQuality "1"]
[WhiteTeam "Komenda"]
[BlackTeam "Gorenjka Lesce"]
[WhiteTeamCountry "SLO"]
[BlackTeamCountry "SLO"]

1. d4 d5 2. c4 c6 3. Nf3 Nf6 4. Nc3 e6 5. Bg5 h6 6. Bh4 dxc4 7. e3 b5 8. a4 Qb6 9. Ne5 Bb7 10. Be2 a6 11. 0-0 Nbd7 12. Nxd7 Nxd7 13. e4 Bb4 14. d5 cxd5 15. exd5 0-0 16. dxe6 Qxe6 17. axb5 axb5 18. Rxa8 Bxa8 19. Bg4 f5 20. Re1 Ne5 21. Bh3 Nf3+ 22. gxf3 Qg6+ 23. Bg2 Qf7 24. f4 Bxc3 25. bxc3 1-0

[Event "SLO-chT1 West"]
[Site "Ljubljana"]
[Date "2015.11.06"]
[Round "4"]
[White "Kozamernik, Janez"]
[Black "Baric, Dusan"]
[Result "0-1"]
[WhiteElo "2114"]
[BlackElo "2071"]
[PlyCount "59"]
[EventDate "2015.10.16"]
[EventType "team-tourn"]
[EventRounds "9"]
[EventCountry "SLO"]
[SourceTitle "EXT 2019"]
[Source "ChessBase"]
[SourceDate "2018.10.10"]
[SourceVersion "1"]
[SourceVersionDate "2018.10.10"]
[SourceQuality "1"]
[WhiteTeam "Gorenjka Lesce"]
[BlackTeam "Stari Trg op Kolpi"]
[WhiteTeamCountry "SLO"]
[BlackTeamCountry "SLO"]

1. e4 c5 2. Nf3 d6 3. d4 cxd4 4. Nxd4 Nc6 5. c4 Nf6 6. Nc3 Qb6 7. Nc2 g6 8. Be2 Bg7 9. 0-0 Bd7 10. Rb1 Rc8 11. b3 0-0 12. Bb2 a6 13. Kh1 Na7 14. Nd5 Nxd5 15. Bxg7 Kxg7 16. exd5 Kg8 17. a4 Bf5 18. Bd3 Bxd3 19. Qxd3 Qc5 20. Ne3 b5 21. b4 Qb6 22. Rfc1 bxc4 23. Nxc4 Qxf2 24. b5 axb5 25. axb5 Rc5 26. Rc2 Rxd5 27. Qb3 Qd4 28. Rd2 Qc5 29. b6 Nc6 30. Rc2 0-1

[Event "SLO-chT1 West"]
[Site "Ljubljana"]
[Date "2014.10.24"]
[Round "7.3"]
[White "Suc, Timothy"]
[Black "Kozamernik, Janez"]
[Result "1/2-1/2"]
[WhiteElo "2117"]
[BlackElo "2168"]
[PlyCount "32"]
[EventDate "2014.10.03"]
[EventType "team-tourn"]
[EventRounds "9"]
[EventCountry "SLO"]
[SourceTitle "EXT 2019"]
[Source "ChessBase"]
[SourceDate "2018.10.10"]
[SourceVersion "1"]
[SourceVersionDate "2018.10.10"]
[SourceQuality "1"]
[WhiteTeam "Piran"]
[BlackTeam "Gorenjka Lesce"]
[WhiteTeamCountry "SLO"]
[BlackTeamCountry "SLO"]

1. d4 d5 2. Nf3 Nf6 3. e3 e6 4. Bd3 Be7 5. 0-0 Nbd7 6. Nbd2 b6 7. b3 Bb7 8. Bb2 Ne4 9. Ne5 0-0 10. f3 Nxd2 11. Qxd2 Nxe5 12. dxe5 f6 13. Qe2 fxe5 14. Bxe5 Bf6 15. Bxf6 Qxf6 16. Ba6 Bxa6 1/2-1/2

[Event "SLO-chT1 West"]
[Site "Ljubljana"]
[Date "2014.10.05"]
[Round "3"]
[White "Marinc, Damir"]
[Black "Kozamernik, Janez"]
[Result "1-0"]
[WhiteElo "2044"]
[BlackElo "2168"]
[PlyCount "61"]
[EventDate "2014.10.03"]
[EventType "team-tourn"]
[EventRounds "9"]
[EventCountry "SLO"]
[SourceTitle "EXT 2019"]
[Source "ChessBase"]
[SourceDate "2018.10.10"]
[SourceVersion "1"]
[SourceVersionDate "2018.10.10"]
[SourceQuality "1"]
[WhiteTeam "Kocevje"]
[BlackTeam "Gorenjka Lesce"]
[WhiteTeamCountry "SLO"]
[BlackTeamCountry "SLO"]

1. d4 d5 2. Nf3 Nf6 3. Bg5 e6 4. Nbd2 Be7 5. e3 Nbd7 6. Bd3 b6 7. Qe2 Bb7 8. 0-0 Ne4 9. Bxe7 Qxe7 10. c3 0-0 11. Rad1 f5 12. Ne1 e5 13. f4 Nxd2 14. Rxd2 e4 15. Ba6 Bxa6 16. Qxa6 Nf6 17. Nc2 c6 18. h3 Rac8 19. Qe2 Rc7 20. Rf2 Ne8 21. Kh2 Nd6 22. Na3 Rf6 23. c4 Ne8 24. Rc2 Qd7 25. Rf1 Rf7 26. Rfc1 c5 27. Rd1 Nf6 28. cxd5 Nxd5 29. dxc5 Rxc5 30. Rxc5 bxc5 31. Qc4 1-0

[Event "SLO-chT1 West"]
[Site "Ljubljana"]
[Date "2013.10.27"]
[Round "9"]
[White "Matijevic, Filip"]
[Black "Kozamernik, Janez"]
[Result "1-0"]
[WhiteElo "2136"]
[BlackElo "2178"]
[PlyCount "53"]
[EventDate "2013.09.27"]
[EventType "team-tourn"]
[EventRounds "9"]
[EventCountry "SLO"]
[SourceTitle "EXT 2019"]
[Source "ChessBase"]
[SourceDate "2018.10.10"]
[SourceVersion "1"]
[SourceVersionDate "2018.10.10"]
[SourceQuality "1"]
[WhiteTeam "Val Koper"]
[BlackTeam "Gorenjka Lesce"]
[WhiteTeamCountry "SLO"]
[BlackTeamCountry "SLO"]

1. e4 e6 2. d4 d5 3. Nc3 Nf6 4. Bg5 Bb4 5. e5 h6 6. Bc1 Ne4 7. Qg4 g6 8. Nge2 c5 9. a3 Bxc3+ 10. Nxc3 Nxc3 11. bxc3 Bd7 12. dxc5 Bc6 13. Bd3 Qc7 14. Qd4 Bd7 15. f4 Nc6 16. Qf2 0-0-0 17. 0-0 Kb8 18. Bd2 Na5 19. Be3 Nc4 20. Bxc4 dxc4 21. c6 bxc6 22. Rab1+ Ka8 23. Bc5 Qa5 24. Rb4 Bc8 25. Rfb1 Ba6 26. Bxa7 Qxa3 27. Qc5 1-0

[Event "SLO-chT1 West"]
[Site "Ljubljana"]
[Date "2013.09.28"]
[Round "2"]
[White "Kozamernik, Janez"]
[Black "Brcar, Ales"]
[Result "0-1"]
[WhiteElo "2178"]
[BlackElo "2039"]
[PlyCount "78"]
[EventDate "2013.09.27"]
[EventType "team-tourn"]
[EventRounds "9"]
[EventCountry "SLO"]
[SourceTitle "EXT 2019"]
[Source "ChessBase"]
[SourceDate "2018.10.10"]
[SourceVersion "1"]
[SourceVersionDate "2018.10.10"]
[SourceQuality "1"]
[WhiteTeam "Gorenjka Lesce"]
[BlackTeam "Trebnje BMP"]
[WhiteTeamCountry "SLO"]
[BlackTeamCountry "SLO"]

1. d4 d5 2. c4 c6 3. Nf3 Nf6 4. Nc3 a6 5. e3 b5 6. cxd5 cxd5 7. Ne5 Bf5 8. g4 Bc8 9. Qf3 h6 10. h4 e6 11. Rg1 Nbd7 12. Nxf7 Kxf7 13. g5 hxg5 14. hxg5 Nb6 15. Bd2 b4 16. Ne2 Nc4 17. Bc1 Bd6 18. Ng3 Bxg3 19. Bxc4 dxc4 20. Qxa8 Bh2 21. Rg2 Qd5 22. Qxd5 Nxd5 23. f4 Bb7 24. Kf1 c3 25. bxc3 bxc3 26. Rb1 Bc6 27. Rb3 Kg6 28. Kf2 Kf5 29. Ra3 Bb5 30. Ra5 Ke4 31. a4 Bd3 32. Rc5 Rh3 33. Rg4 Kf5 34. Rg2 Be4 35. g6 Bxg2 36. Kxg2 Kg4 37. f5 Bd6 38. Rc6 Rh2+ 39. Kg1 Rc2 0-1

[Event "SLO-chT1 West"]
[Site "Ljubljana"]
[Date "2013.09.27"]
[Round "1"]
[White "Kozamernik, Janez"]
[Black "Vesel, Mark"]
[Result "1-0"]
[WhiteElo "2178"]
[BlackElo "2067"]
[PlyCount "54"]
[EventDate "2013.09.27"]
[EventType "team-tourn"]
[EventRounds "9"]
[EventCountry "SLO"]
[SourceTitle "EXT 2019"]
[Source "ChessBase"]
[SourceDate "2018.10.10"]
[SourceVersion "1"]
[SourceVersionDate "2018.10.10"]
[SourceQuality "1"]
[WhiteTeam "Gorenjka Lesce"]
[BlackTeam "Kocevje"]
[WhiteTeamCountry "SLO"]
[BlackTeamCountry "SLO"]

1. e4 c5 2. Nf3 d6 3. d4 cxd4 4. Nxd4 Nf6 5. Nc3 a6 6. Bg5 e6 7. f4 Nbd7 8. Qf3 Qc7 9. 0-0-0 b5 10. Bxb5 axb5 11. e5 Bb7 12. Ndxb5 Qc8 13. Qe2 dxe5 14. fxe5 Nd5 15. Nxd5 Bxd5 16. Rhf1 Rxa2 17. Kb1 Bc4 18. Qf2 f6 19. exf6 gxf6 20. Bxf6 Bxb5 21. Bxh8 Bxf1 22. Kxa2 Bc4+ 23. Kb1 Qa6 24. b3 Bd5 25. g4 Nc5 26. Qd4 Be7 27. Re1 Qb5 1-0

[Event "SLO-chT1 West"]
[Site "Ljubljana"]
[Date "2012.10.14"]
[Round "9.3"]
[White "Djuric, Petar2222"]
[Black "Kozamernik, Janez"]
[Result "1/2-1/2"]
[WhiteElo "1985"]
[BlackElo "2166"]
[PlyCount "62"]
[EventDate "2012.09.21"]
[EventType "team-tourn"]
[EventRounds "9"]
[EventCountry "SLO"]
[SourceTitle "EXT 2022"]
[Source "ChessBase"]
[SourceDate "2021.10.06"]
[SourceVersion "1"]
[SourceVersionDate "2021.10.06"]
[SourceQuality "1"]
[WhiteTeam "Kranj Stari Mayr"]
[BlackTeam "Gorenjka Lesce"]
[WhiteTeamCountry "SLO"]
[BlackTeamCountry "SLO"]

1. Nf3 d5 2. g3 c5 3. Bg2 g6 4. d3 Nc6 5. 0-0 Bg7 6. c4 e6 7. Na3 Nge7 8. Nc2 b6 9. Rb1 Bb7 10. cxd5 Nxd5 11. a4 0-0 12. Nd2 Qd7 13. Nc4 Nd4 14. Nxd4 cxd4 15. Bd2 Bc6 16. Ra1 a5 17. Qc2 Rfc8 18. Rfc1 f6 19. Qd1 Bf8 20. Bf3 Ra7 21. Bg2 Rb8 22. Rcb1 Be7 23. Be4 Bd8 24. f4 Be7 25. Ra2 Bc5 26. Rc1 Rc7 27. Raa1 Qe7 28. Qe1 Qd7 29. Qd1 Qe7 30. Qe1 Qd7 31. Qd1 Qe7 1/2-1/2

[Event "SLO-chT1 West"]
[Site "Ljubljana"]
[Date "2012.10.12"]
[Round "7.3"]
[White "Brcar, Ales"]
[Black "Kozamernik, Janez"]
[Result "1/2-1/2"]
[WhiteElo "2052"]
[BlackElo "2166"]
[PlyCount "77"]
[EventDate "2012.09.21"]
[EventType "team-tourn"]
[EventRounds "9"]
[EventCountry "SLO"]
[SourceTitle "EXT 2022"]
[Source "ChessBase"]
[SourceDate "2021.10.06"]
[SourceVersion "1"]
[SourceVersionDate "2021.10.06"]
[SourceQuality "1"]
[WhiteTeam "Trebnje BMP"]
[BlackTeam "Gorenjka Lesce"]
[WhiteTeamCountry "SLO"]
[BlackTeamCountry "SLO"]

1. d4 d5 2. c4 c6 3. Nf3 Nf6 4. Qb3 e6 5. g3 dxc4 6. Qxc4 b5 7. Qc2 Bb7 8. Bg2 Nbd7 9. 0-0 c5 10. dxc5 Bxc5 11. Bg5 Qb6 12. Nc3 0-0 13. Rad1 Rac8 14. Qb1 Qa5 15. Nd4 Bxg2 16. Kxg2 Qb6 17. Nf3 Qc6 18. Bxf6 Nxf6 19. a3 h6 20. Kg1 Rb8 21. Nd4 Qb6 22. e3 a6 23. Ne4 Be7 24. Nxf6+ Bxf6 25. b4 Rfc8 26. Nb3 Be7 27. Rd7 Rb7 28. Rfd1 Rc3 29. Qb2 Rbc7 30. Nc5 Bf6 31. Rxc7 Qxc7 32. Ne4 Rc2 33. Nxf6+ gxf6 34. Qxf6 Rc1 35. Qd4 Qc2 36. Qd8+ Kg7 37. Qd4+ Kg8 38. Qd8+ Kg7 39. Qd4+ 1/2-1/2

[Event "SLO-chT1 West"]
[Site "Ljubljana"]
[Date "2010.10.17"]
[Round "9.4"]
[White "Kozamernik, Janez"]
[Black "Mejak, Severin"]
[Result "1-0"]
[WhiteElo "2166"]
[BlackElo "2036"]
[PlyCount "113"]
[EventDate "2010.09.24"]
[EventType "team-tourn"]
[EventRounds "9"]
[EventCountry "SLO"]
[SourceTitle "CBM 138 Extra"]
[Source "ChessBase"]
[SourceDate "2010.10.29"]
[SourceVersion "1"]
[SourceVersionDate "2010.10.29"]
[SourceQuality "1"]
[WhiteTeam "Gorenjka Lesce"]
[BlackTeam "Novo Mesto Krka"]
[WhiteTeamCountry "SLO"]
[BlackTeamCountry "SLO"]

1. e4 c6 2. d4 d5 3. Nc3 dxe4 4. Nxe4 Nd7 5. Ng5 Ngf6 6. Bc4 e6 7. Qe2 Nb6 8. Bb3 h6 9. N5f3 Qc7 10. Ne5 Bd6 11. Ngf3 Qe7 12. 0-0 Bd7 13. c4 c5 14. dxc5 Bxc5 15. Bc2 Rc8 16. b3 Bc6 17. Nxc6 bxc6 18. a3 Bd6 19. b4 Nbd7 20. c5 Bb8 21. Bb2 0-0 22. Nd4 Nd5 23. Rad1 N7f6 24. g3 e5 25. Nxc6 Rxc6 26. Rxd5 Nxd5 27. Qe4 g6 28. Qxd5 Qe6 29. Qxe6 Rxe6 30. Rd1 Ree8 31. Ba4 Rd8 32. Bd7 f6 33. c6 Kf7 34. b5 Ke7 35. a4 Bd6 36. Bc1 Rh8 37. Be3 Ra8 38. Bh3 f5 39. Bd2 Bc5 40. Ba5 Bd6 41. Bf1 Rac8 42. Bc4 g5 43. Rd5 Rhe8 44. Bc3 Rcd8 45. Bxe5 Bxe5 46. Rxe5+ Kf6 47. Rxe8 Rxe8 48. a5 Rc8 49. Bd5 Ke7 50. b6 Kd6 51. c7 axb6 52. axb6 Rf8 53. Be6 Kxe6 54. b7 Kd7 55. b8Q Rc8 56. Qb6 Rxc7 57. Qxh6 1-0

[Event "SLO-chT1 West"]
[Site "Ljubljana"]
[Date "2010.09.26"]
[Round "3.3"]
[White "Kozamernik, Janez"]
[Black "Bulatovic, Milorad"]
[Result "1-0"]
[WhiteElo "2166"]
[BlackElo "1978"]
[PlyCount "107"]
[EventDate "2010.09.24"]
[EventType "team-tourn"]
[EventRounds "9"]
[EventCountry "SLO"]
[SourceTitle "CBM 138 Extra"]
[Source "ChessBase"]
[SourceDate "2010.10.29"]
[SourceVersion "1"]
[SourceVersionDate "2010.10.29"]
[SourceQuality "1"]
[WhiteTeam "Gorenjka Lesce"]
[BlackTeam "Krajn Stari Mayr"]
[WhiteTeamCountry "SLO"]
[BlackTeamCountry "SLO"]

1. e4 e5 2. Nf3 Nc6 3. d4 exd4 4. Nxd4 Bc5 5. Nxc6 Qf6 6. Qd2 dxc6 7. Nc3 Bd4 8. Bd3 Ne7 9. 0-0 Ng6 10. Kh1 0-0 11. f4 Rd8 12. Qe1 b5 13. a4 b4 14. Nd1 a5 15. e5 Qe7 16. Qe4 Ba6 17. Bxa6 Rxa6 18. c3 Bc5 19. Ne3 Qe6 20. f5 Qxe5 21. Qc4 Nh4 22. Qxh4 Be7 23. Qc4 Rb6 24. Ng4 Qd5 25. Qxd5 cxd5 26. Be3 Rc6 27. Ne5 Ra6 28. Rfd1 c5 29. Rac1 f6 30. Nd3 bxc3 31. bxc3 d4 32. cxd4 cxd4 33. Bf4 Rd5 34. Rc7 Bf8 35. g4 h5 36. h3 Kh7 37. Kg2 Rb6 38. Rc8 Bb4 39. Bg3 Ba3 40. Nf4 Rb2+ 41. Bf2 Rc5 42. Rxc5 Bxc5 43. Nd3 Rc2 44. Rc1 Rxc1 45. Nxc1 hxg4 46. hxg4 Ba3 47. Nd3 g6 48. Bxd4 gxf5 49. gxf5 Be7 50. Kf3 Kh6 51. Bb6 Kg5 52. Ke4 Bb4 53. Nxb4 axb4 54. Bd4 1-0

[Event "SLO-chT1a West"]
[Site "Ljubljana"]
[Date "2009.10.16"]
[Round "6.4"]
[White "Kozamernik, Janez"]
[Black "Zupancic, Jernej"]
[Result "0-1"]
[WhiteElo "2197"]
[BlackElo "2037"]
[PlyCount "66"]
[EventDate "2009.10.09"]
[EventType "team-tourn"]
[EventRounds "9"]
[EventCountry "SLO"]
[SourceTitle "EXT 2012"]
[Source "ChessBase"]
[SourceDate "2011.11.24"]
[SourceVersion "1"]
[SourceVersionDate "2011.11.24"]
[SourceQuality "1"]
[WhiteTeam "Gorenjka Lesce"]
[BlackTeam "Novo Mesto Krka"]
[WhiteTeamCountry "SLO"]
[BlackTeamCountry "SLO"]

1. e4 d5 2. exd5 Qxd5 3. Nc3 Qa5 4. d4 c6 5. Nf3 Nf6 6. Bc4 Bf5 7. Bd2 Qc7 8. Qe2 e6 9. 0-0-0 Nbd7 10. Ne5 Bd6 11. Rhe1 Bxe5 12. dxe5 Nd5 13. h4 h5 14. Bg5 Nc5 15. Nxd5 exd5 16. Bd3 Nxd3+ 17. cxd3 d4 18. f3 Qa5 19. Kb1 Be6 20. b3 Qb6 21. Rd2 a5 22. Rb2 Ra6 23. Rc1 Qa7 24. Rbc2 Qb6 25. Ka1 Bd5 26. e6 Bxe6 27. Qe5 0-0 28. Be7 Re8 29. Rc5 a4 30. b4 Qxb4 31. Qg5 Qa3 32. R1c2 Qxd3 33. Qg3 a3 0-1

[Event "SLO-chT1a West"]
[Site "Ljubljana"]
[Date "2009.10.10"]
[Round "2.4"]
[White "Ivanusa, Blaz"]
[Black "Kozamernik, Janez"]
[Result "1/2-1/2"]
[WhiteElo "2003"]
[BlackElo "2197"]
[PlyCount "62"]
[EventDate "2009.10.09"]
[EventType "team-tourn"]
[EventRounds "9"]
[EventCountry "SLO"]
[SourceTitle "EXT 2012"]
[Source "ChessBase"]
[SourceDate "2011.11.24"]
[SourceVersion "1"]
[SourceVersionDate "2011.11.24"]
[SourceQuality "1"]
[WhiteTeam "Trebnje BMP"]
[BlackTeam "Gorenjka Lesce"]
[WhiteTeamCountry "SLO"]
[BlackTeamCountry "SLO"]

1. d4 d5 2. c4 c6 3. Nf3 Nf6 4. cxd5 cxd5 5. Nc3 Nc6 6. Bf4 Bf5 7. e3 e6 8. Bb5 Nd7 9. Qa4 Qb6 10. 0-0 Rc8 11. Rfc1 Be7 12. a3 a6 13. Bxc6 Rxc6 14. Nd1 0-0 15. Rxc6 Qxc6 16. Qxc6 bxc6 17. b4 a5 18. bxa5 Ra8 19. Bc7 Ra7 20. Bb6 Nxb6 21. axb6 Rb7 22. a4 Rxb6 23. Ne5 Ra6 24. Rc1 f6 25. Rxc6 Ra7 26. Rc8+ Bf8 27. Nc6 Rxa4 28. Ne7+ Kf7 29. Nxf5 Ra1 30. Rc7+ Kg6 31. Nh4+ Kh6 1/2-1/2

[Event "SLO-chT1a West"]
[Site "Ljubljana"]
[Date "2009.10.10"]
[Round "3.4"]
[White "Kozamernik, Janez"]
[Black "Slibar, Matjaz"]
[Result "0-1"]
[WhiteElo "2197"]
[BlackElo "2198"]
[PlyCount "46"]
[EventDate "2009.10.09"]
[EventType "team-tourn"]
[EventRounds "9"]
[EventCountry "SLO"]
[SourceTitle "EXT 2012"]
[Source "ChessBase"]
[SourceDate "2011.11.24"]
[SourceVersion "1"]
[SourceVersionDate "2011.11.24"]
[SourceQuality "1"]
[WhiteTeam "Gorenjka Lesce"]
[BlackTeam "Kranj Tomo Zupan"]
[WhiteTeamCountry "SLO"]
[BlackTeamCountry "SLO"]

1. e4 c5 2. Nf3 e6 3. d4 cxd4 4. Nxd4 Nc6 5. Nc3 Qc7 6. Be2 a6 7. 0-0 Nf6 8. Be3 Bb4 9. Na4 0-0 10. Nxc6 bxc6 11. Nb6 Rb8 12. Nxc8 Rfxc8 13. Bxa6 Rf8 14. Bd3 Bd6 15. Kh1 Be5 16. b3 Bxa1 17. Qxa1 Ng4 18. g3 Nxe3 19. fxe3 Ra8 20. a4 Rfb8 21. Qe1 Ra5 22. Qd2 Qe5 23. Rb1 Rxa4 0-1

[Event "Bled op-A 25th"]
[Site "Bled"]
[Date "2008.02.29"]
[Round "8"]
[White "Kozamernik, Janez"]
[Black "Susnik, Matej"]
[Result "1/2-1/2"]
[WhiteElo "2221"]
[BlackElo "2165"]
[PlyCount "20"]
[EventDate "2008.02.23"]
[EventType "swiss"]
[EventRounds "9"]
[EventCountry "SLO"]
[SourceTitle "CBM 122 Extra"]
[Source "ChessBase"]
[SourceDate "2008.03.04"]
[SourceVersion "1"]
[SourceVersionDate "2008.03.04"]
[SourceQuality "1"]

1. e4 c5 2. Nf3 Nc6 3. d4 cxd4 4. Nxd4 e6 5. Nc3 a6 6. Be2 Qc7 7. 0-0 Nf6 8. Be3 d6 9. f4 Be7 10. Kh1 0-0 1/2-1/2

[Event "Bled op-A 25th"]
[Site "Bled"]
[Date "2008.02.28"]
[Round "7"]
[White "Simic, Milan"]
[Black "Kozamernik, Janez"]
[Result "0-1"]
[WhiteElo "2140"]
[BlackElo "2221"]
[PlyCount "124"]
[EventDate "2008.02.23"]
[EventType "swiss"]
[EventRounds "9"]
[EventCountry "SLO"]
[SourceTitle "CBM 122 Extra"]
[Source "ChessBase"]
[SourceDate "2008.03.04"]
[SourceVersion "1"]
[SourceVersionDate "2008.03.04"]
[SourceQuality "1"]

1. d4 d5 2. c4 c6 3. Nf3 Nf6 4. Nc3 e6 5. cxd5 exd5 6. Bg5 Bf5 7. Ne5 Nbd7 8. g4 h6 9. Bxf6 gxf6 10. Nxf7 Kxf7 11. gxf5 Nb6 12. b3 Bb4 13. Qd3 Nc8 14. Rc1 Nd6 15. Kd1 Qa5 16. Qf3 Bxc3 17. Rxc3 Qxa2 18. Bg2 Qb1+ 19. Rc1 Qxf5 20. Qxf5 Nxf5 21. e3 Nd6 22. Ke2 Rae8 23. Bf3 Reg8 24. Kd3 f5 25. Rhf1 Ke6 26. Bh1 f4 27. e4 dxe4+ 28. Bxe4 Rd8 29. Rc5 Kf6 30. Rg1 Rhg8 31. Rxg8 Rxg8 32. d5 Nxe4 33. Kxe4 Rg5 34. Ra5 Rxd5 35. Rxa7 Rb5 36. Kxf4 Rb4+ 37. Kg3 Rxb3+ 38. f3 c5 39. Kf4 Rb4+ 40. Ke3 Kf5 41. Ra8 Rb3+ 42. Kf2 c4 43. Rf8+ Kg6 44. Rg8+ Kf7 45. Rh8 Kg6 46. Rg8+ Kf6 47. Rf8+ Kg7 48. Rc8 b5 49. h4 Kg6 50. Rc6+ Kg7 51. h5 c3 52. Ke2 Rb2+ 53. Kd1 b4 54. Rg6+ Kf7 55. Rc6 Ke7 56. Kc1 Kd7 57. Rxh6 Kc7 58. Rh7+ Kc6 59. Rh8 Rh2 60. f4 Kd5 61. f5 b3 62. Rb8 Rh1# 0-1

[Event "Bled op-A 25th"]
[Site "Bled"]
[Date "2008.02.24"]
[Round "3"]
[White "Kosir, Franci"]
[Black "Kozamernik, Janez"]
[Result "1/2-1/2"]
[WhiteElo "2107"]
[BlackElo "2221"]
[PlyCount "28"]
[EventDate "2008.02.23"]
[EventType "swiss"]
[EventRounds "9"]
[EventCountry "SLO"]
[SourceTitle "CBM 122 Extra"]
[Source "ChessBase"]
[SourceDate "2008.03.04"]
[SourceVersion "1"]
[SourceVersionDate "2008.03.04"]
[SourceQuality "1"]

1. Nf3 d5 2. d4 Nf6 3. c4 c6 4. e3 e6 5. Nc3 Nbd7 6. Qc2 Bd6 7. Be2 0-0 8. b3 e5 9. dxe5 Nxe5 10. Nxe5 Bxe5 11. Bb2 Ne4 12. Nxe4 Bxb2 13. Qxb2 dxe4 14. 0-0 Qe7 1/2-1/2

[Event "Bled op-A 25th"]
[Site "Bled"]
[Date "2008.02.24"]
[Round "2"]
[White "Kozamernik, Janez"]
[Black "Raguz, Dario"]
[Result "0-1"]
[WhiteElo "2221"]
[BlackElo "2120"]
[PlyCount "70"]
[EventDate "2008.02.23"]
[EventType "swiss"]
[EventRounds "9"]
[EventCountry "SLO"]
[SourceTitle "CBM 122 Extra"]
[Source "ChessBase"]
[SourceDate "2008.03.04"]
[SourceVersion "1"]
[SourceVersionDate "2008.03.04"]
[SourceQuality "1"]

1. e4 c6 2. d4 d5 3. Nc3 dxe4 4. Nxe4 Nd7 5. Bc4 Ngf6 6. Ng5 e6 7. Qe2 Nb6 8. Bb3 h6 9. N5f3 a5 10. c3 Qc7 11. Ne5 Bd6 12. Ngf3 0-0 13. Bc2 c5 14. dxc5 Bxc5 15. g4 Nbd7 16. Bf4 Nd5 17. Bg3 Nxe5 18. Nxe5 Qe7 19. 0-0-0 b6 20. Qe4 g6 21. Qe2 Ba6 22. Qd2 Kg7 23. h4 Rac8 24. h5 g5 25. Kb1 Rfd8 26. Qe1 Bb7 27. Rg1 b5 28. Nd3 Bd6 29. f4 Bxf4 30. Nxf4 Nxf4 31. Rxd8 Rxd8 32. Qe5+ Qf6 33. Qxb5 Bd5 34. c4 Ne2 35. Be1 Nxg1 0-1

[Event "Bled op-A 25th"]
[Site "Bled"]
[Date "2008.02.23"]
[Round "1"]
[White "Cebalo, Miso"]
[Black "Kozamernik, Janez"]
[Result "1-0"]
[WhiteElo "2547"]
[BlackElo "2221"]
[PlyCount "53"]
[EventDate "2008.02.23"]
[EventType "swiss"]
[EventRounds "9"]
[EventCountry "SLO"]
[SourceTitle "CBM 122 Extra"]
[Source "ChessBase"]
[SourceDate "2008.03.04"]
[SourceVersion "1"]
[SourceVersionDate "2008.03.04"]
[SourceQuality "1"]

1. d4 d5 2. c4 c6 3. Nf3 Nf6 4. Nc3 e6 5. Bg5 dxc4 6. e4 b5 7. e5 h6 8. Bh4 g5 9. Nxg5 hxg5 10. Bxg5 Nbd7 11. g3 Qa5 12. Bxf6 Nxf6 13. exf6 Bb7 14. Bg2 0-0-0 15. 0-0 Qb6 16. a4 Rxd4 17. Qe2 b4 18. a5 Qd8 19. a6 Ba8 20. Ne4 c5 21. Rac1 Bxe4 22. Bxe4 Qxf6 23. Rxc4 Qh6 24. h4 Rd2 25. Qf3 f5 26. Bd3 Kb8 27. Qb7# 1-0

[Event "SLO-chT2"]
[Site "Ljubljana"]
[Date "2007.11.15"]
[Round "1.3"]
[White "Kastelic, Marian"]
[Black "Kozamernik, Janez"]
[Result "1-0"]
[WhiteElo "2310"]
[BlackElo "2226"]
[PlyCount "43"]
[EventDate "2007.11.15"]
[EventType "team"]
[EventRounds "9"]
[EventCountry "SLO"]
[SourceTitle "CBM 121 Extra"]
[Source "ChessBase"]
[SourceDate "2008.01.10"]
[SourceVersion "1"]
[SourceVersionDate "2008.01.10"]
[SourceQuality "1"]
[WhiteTeam "Krka Novo Mesto"]
[BlackTeam "Gorenjka Lesce"]
[WhiteTeamCountry "SLO"]
[BlackTeamCountry "SLO"]

1. d4 d5 2. Nc3 Nf6 3. Bg5 Bf5 4. f3 Nbd7 5. Nxd5 Nxd5 6. e4 h6 7. Bd2 e5 8. exf5 Qh4+ 9. g3 Qxd4 10. c3 Qc5 11. Qe2 0-0-0 12. Nh3 c6 13. Nf2 Qb6 14. b4 N7f6 15. a3 h5 16. c4 Bxb4 17. axb4 Nxb4 18. Bc3 e4 19. Bxf6 Nd3+ 20. Nxd3 exd3 21. Bxd8 Qd4 22. Rd1 1-0

[Event "SLO-chT"]
[Site "Bled"]
[Date "2005.11.04"]
[Round "2"]
[White "Kozamernik, Janez"]
[Black "Volf, Ziga"]
[Result "1-0"]
[WhiteElo "2188"]
[BlackElo "2144"]
[PlyCount "59"]
[EventDate "2005.11.03"]
[EventType "team"]
[EventRounds "9"]
[EventCountry "SLO"]
[SourceTitle "CBM 109 Extra"]
[Source "ChessBase"]
[SourceDate "2006.01.03"]
[SourceVersion "2"]
[SourceVersionDate "2006.01.03"]
[SourceQuality "1"]

1. e4 e5 2. Nf3 Nc6 3. d4 exd4 4. Nxd4 Nf6 5. Nxc6 bxc6 6. e5 Qe7 7. Qe2 Nd5 8. c4 Ba6 9. b3 Qh4 10. Bb2 Bb4+ 11. Kd1 0-0 12. g3 Qg5 13. f4 Qh6 14. Qf2 Qe6 15. Kc2 Nb6 16. f5 Qe7 17. f6 gxf6 18. exf6 Qe6 19. Qf4 Kh8 20. Bd3 Qh3 21. Nd2 Bxd2 22. Kxd2 d5 23. Rad1 dxc4 24. bxc4 Rab8 25. Kc1 c5 26. Rd2 Na4 27. Re1 Nxb2 28. Rxb2 Rxb2 29. Qg5 Rg8 30. Qxg8+ 1-0